Sports Quiz

Random Sports or MLB Quiz

MLB Hits Leaders (2000s) Quiz Stats

 Plays Quiz Updated Aug 27, 2016

Score 0/104 Timer 09:00
0 Plays Today
Year Player % Correct
2000Derek Jeter
93.5%
2002Derek Jeter
93.5%
2005Derek Jeter
93.5%
2006Derek Jeter
93.5%
2007Derek Jeter
93.5%
2009Derek Jeter
93.5%
2001Ichiro Suzuki
92.1%
2002Ichiro Suzuki
92.1%
2003Ichiro Suzuki
92.1%
2004Ichiro Suzuki
92.1%
2005Ichiro Suzuki
92.1%
2006Ichiro Suzuki
92.1%
2007Ichiro Suzuki
92.1%
2008Ichiro Suzuki
92.1%
2009Ichiro Suzuki
92.1%
2001Alex Rodriguez
86.1%
2005Alex Rodriguez
86.1%
2001Albert Pujols
74.5%
2003Albert Pujols
74.5%
2004Albert Pujols
74.5%
2005Albert Pujols
74.5%
2008Albert Pujols
74.5%
2007Hanley Ramírez
73%
2009Hanley Ramírez
73%
2000Andruw Jones
68.8%
2005Miguel Cabrera
66.3%
2009Miguel Cabrera
66.3%
2008Orlando Cabrera
65.9%
2001Luis Gonzalez
61.9%
2005Jimmy Rollins
60.5%
2007Jimmy Rollins
60.5%
2006Chase Utley
57.1%
2000Todd Helton
57%
2001Todd Helton
57%
2003Todd Helton
57%
Year Player % Correct
2008Dustin Pedroia
55.8%
2002Bernie Williams
53.8%
2009Joe Mauer
50.1%
2000Vladimir Guerrero
50.1%
2002Vladimir Guerrero
50.1%
2004Vladimir Guerrero
50.1%
2006Vladimir Guerrero
50.1%
2003Michael Young
49%
2004Michael Young
49%
2005Michael Young
49%
2006Michael Young
49%
2007Michael Young
49%
2007David Wright
48.9%
2008David Wright
48.9%
2004Adrián Beltré
48.4%
2002Miguel Tejada
47.4%
2004Miguel Tejada
47.4%
2005Miguel Tejada
47.4%
2006Miguel Tejada
47.4%
2009Miguel Tejada
47.4%
2009Robinson Canó
47.3%
2008José Reyes
46.8%
2005Derrek Lee
45.6%
2000Johnny Damon
44.8%
2005Johnny Damon
44.8%
2000Nomar Garciaparra
44.4%
2003Nomar Garciaparra
44.4%
2002Nomar Garciaparra
44.3%
2009Ryan Braun
44.1%
2002Alfonso Soriano
43.7%
2003Alfonso Soriano
43.7%
2001Garret Anderson
42.5%
2002Garret Anderson
42.5%
2003Garret Anderson
42.5%
2000Jeff Kent
41.6%
Year Player % Correct
2002Jeff Kent
41.6%
2006Matt Holliday
38.6%
2007Matt Holliday
38.6%
2008Justin Morneau
38.5%
2000Carlos Delgado
37%
2008Josh Hamilton
36.4%
2001Juan Pierre
36.2%
2003Juan Pierre
36.2%
2004Juan Pierre
36.2%
2006Juan Pierre
36.2%
2007Juan Pierre
36.2%
2007Magglio Ordóñez
36.1%
2005Carl Crawford
34.4%
2005Mark Teixeira
33.2%
2001Bret Boone
31.6%
2000Darin Erstad
31.4%
2003Vernon Wells
29.5%
2004Jack Wilson
22.5%
2006Freddy Sanchez
22.4%
2006Rafael Furcal
19.5%
2000Mike Sweeney
19%
2008José López
18.8%
2007Plácido Polanco
18.3%
2000José Vidro
17.9%
2002José Vidro
17.9%
2009Aaron Hill
16.8%
2008Raúl Ibañez
14.6%
2001Rich Aurilia
13.3%
2003Aubrey Huff
10.7%
2001Shannon Stewart
10.5%
2009Pablo Sandoval
9.8%
2004Mark Loretta
8.6%
2006Garrett Atkins
7.8%
2004César Izturis
3.3%

You're not logged in!

Compare scores with friends on all Sporcle quizzes.
OR
Log In

Sporcle TV

Today on Sporcle TV


Watch our educational content, quiz creation guides, and fun videos on Sporcle TV.

Show Comments

Extras

Top Quizzes Today


Score Distribution

Your Account Isn't Verified!

In order to create a playlist on Sporcle, you need to verify the email address you used during registration. Go to your Sporcle Settings to finish the process.

Report this User

Report this user for behavior that violates our Community Guidelines.

Details: